| 000 | 00000nam##2200000za#4500 |
| 001 | 9.693536 |
| 003 | CaOODSP |
| 005 | 20210624233717 |
| 007 | cr ||||||||||| |
| 008 | 150407|2000||||xxc|||||o f|0| 0 eng|d |
| 040 | |aCaOODSP|beng |
| 043 | |an-cn--- |
| 086 | 1 |aA72-57/2000E-PDF |
| 110 | 1 |aCanada. |bAgriculture and Agri-Food Canada. |
| 245 | 10|aMedium term policy baseline : |h[electronic resource]|binternational and domestic markets |
| 260 | |aOttawa - Ontario : |bAgriculture and Agri-Food Canada |c2000. |
| 300 | |a96p.|bcoloured figs., graphs, tables |
| 500 | |a"The purpose of this document is to describe the features of Agriculture and Agri-Food Canada (AAFC's) medium term policy baseline covering the period 2000-2006. This baseline is an attempt to outline a plausible future for the international and domestic agri-food sectors. This outline will serve as a benchmark for discussion, scenario analysis and consensus about the impact of current and prospective events on these agri-food sectors. The baseline makes specific assumptions and judgements and works out their implications. Since it holds policies constant according to existing legislation, the baseline is not a forecast of future events... The text of this document includes an overview of the main assumptions and key results and is accompanied by many figures to facilitate the comprehension."--Preface. |
| 500 | |aThe catalogue number (A72-57/2000) for the bilingual print edition has been incorrectly copied in this electronic edition. |
| 504 | |aBibliography. |
| 520 | 3 |aThe purpose of this document is to describe the features of Agriculture and Agri-Food Canada (AAFC's) medium term policy baseline covering the period 2000-2006. This baseline is an attempt to outline a plausible future for the international and domestic agri-food sectors. This outline will serve as a benchmark for discussion, scenario analysis and consensus about the impact of current and prospective events on these agri-food sectors. The baseline makes specific assumptions and judgements and works out their implications. Since it holds policies constant according to existing legislation, the baseline is not a forecast of future events... The text of this document includes an overview of the main assumptions and key results and is accompanied by many figures to facilitate the comprehension.--Preface |
| 590 | |a10-05-Supp|b2010-07-20 |
| 690 | 07|aAgri-food industry|2gcpds |
| 690 | 07|aAgricultural policy|2gcpds |
| 690 | 07|aDomestic markets|2gcpds |
| 690 | 07|aInternational markets|2gcpds |
| 775 | 08|tScénario de référence des politiques à moyen terme : |w(CaOODSP)9.637712 |
| 776 | 0#|tMedium term policy baseline : |w(CaOODSP)9.662073 |
| 776 | 0#|tScénario de référence des politiques à moyen terme : |w(CaOODSP)9.662074 |
| 856 | 40|ahttp://publications.gc.ca|qPDF|s912 KB|uhttps://publications.gc.ca/collections/Collection/A72-57-2000E.pdf |